000 00248nam a22001097a 4500
003 OSt
008 231116b |||||||| |||| 00| 0 eng d
041 _amal
100 _aRadhakrishnan, S
_91462
245 _aMahathmagandhi 100 Varshangal
942 _cBK
999 _c17969
_d17969